2025 Alabama Players Sudden Death - Statistics

General Stats
  • This quiz has been taken 43 times
  • The average score is 8 of 20
Answers on the Grid
Answers color-coded by a green-red scale on the quiz's grid according to % correct below.
Ty Simpson
Isaiah Bond
Ryan Williams
Germie Bernard
Caleb Downs
Isaiah Horton
Devonta Smith
Malachi Moore
L.T Overton
Xavier Sabb
Bray Hubbard
Keon Sabb
Red Morgan
Cole Adams
Will Reichard
Justin Jefferson
Dre Kirkpatrick
Ty Haywood
Jireh Edwards
Lotzeir Brooks
Olaus Alinen
Jihaad Campbell
Austin Mack
Domani Jackson
Deontae Lawson
Zabien Brown
Mark Sears
Deshawn Jones
Daniel Hill
Yhonzae Pierre
 
Answer Stats
Answer % Correct
Ty Simpson
76%
Germie Bernard
53%
Lotzeir Brooks
53%
Ryan Williams
53%
Zabien Brown
53%
Austin Mack
47%
Deontae Lawson
47%
Domani Jackson
47%
Yhonzae Pierre
47%
Bray Hubbard
41%
Daniel Hill
41%
Isaiah Horton
41%
Justin Jefferson
41%
L.T Overton
41%
Cole Adams
35%
Red Morgan
35%
Keon Sabb
29%
Dre Kirkpatrick
24%
Olaus Alinen
18%
Deshawn Jones
12%
No matching quizzes found
Score Distribution
Percent of People with Each Score
Percentile by Number Answered
Your Score History
You have not taken this quiz